| 000 | 00388nam a22001457a 4500 | ||
|---|---|---|---|
| 005 | 20170828144034.0 | ||
| 020 |
_a8176482765 _c00.00 |
||
| 035 | _aB-058543 | ||
| 037 |
_aDPL _bENG |
||
| 100 | _aKhurana, Rohit | ||
| 245 | _aJavaScript / | ||
| 260 |
_aNew Delhi _bA.P.H. Publishing Corporation _c2002 |
||
| 300 |
_avarious pages _c22 cms. |
||
| 942 |
_2ddc _cEN _h005.13 _mJAV |
||
| 999 |
_c62629 _d62629 |
||